Elementos de gramática griega aplicados al estudio de la lengua castellana

Gespeichert in:
Bibliographische Detailangaben
1. Verfasser: Biolley, P.
Format: Buch
Sprache:Undetermined
Veröffentlicht: París, Francia ypographie Chamerot 1898
Schlagworte:
Tags: Tag hinzufügen
Keine Tags, Fügen Sie den ersten Tag hinzu!

MARC

LEADER 00000nam a2200000Ia 4500
008 170316s9999 xx 000 0 und d
090 |a 415-G B-2e 
100 |a Biolley, P. 
245 |a Elementos de gramática griega aplicados al estudio de la lengua castellana 
260 |a París, Francia 
260 |b ypographie Chamerot 
260 |c 1898 
300 |a 114 páginas 
650 |a GRAMÁTICA GRIEGA 
999 |c 19270  |d 19270 
040 |a cru BVZT 
942 |c 15 D  |h 415-G B-2e  |2 z